Ranks of Nobility - Statistics

General Stats
  • This quiz has been taken 241 times
  • The average score is 4 of 5
Answer Stats
Rank % Correct
Duke
100%
Earl
98%
Baron
86%
Marquess
71%
Viscount
69%
No matching quizzes found
Score Distribution
Percent of People with Each Score
Percentile by Number Answered
Your Score History
You have not taken this quiz